| 000 | 00735nam a2200205Ia 4500 | ||
|---|---|---|---|
| 003 | GCL | ||
| 008 | 140319s9999 xx 000 0 ara d | ||
| 020 | _a8567201977 | ||
| 040 |
_aGCL / _cGCL |
||
| 082 | 0 | 4 |
_aق _b962.33 _bم ر |
| 100 | 1 | _aمحمد رياض | |
| 245 | 1 | 0 |
_aرحلة فى زمان النوبة : _bدراسة للنوبة القديمة ومؤشرات التنمية المستقبلية / _cمحمد رياض |
| 260 |
_aالقاهرة : _bالهيئة المصرية العامة للكتاب ، _c1998 |
||
| 300 |
_a305 ص ؛ _c32 سم |
||
| 650 | 0 | 4 | _aالنوبة |
| 650 | 0 | 4 | _aنهر النيل |
| 650 | 0 | 4 | _aالسد العالى |
| 650 | 0 | 4 | _aالنوبة - مصر - تاريخ قديم |
| 942 |
_2ddc _cBK |
||
| 999 |
_c44654 _d44654 |
||